000 00307nam a2200121Ia 4500
008 220204s9999 xx 000 0 und d
082 _a633
_bMOR
100 _aMorachan, Y B
245 0 _aCrop production and management
260 _aNew Delhi
_bOxford & IBH
_c1978
650 _aCrop production
942 _cBK
999 _c33422
_d33422